[Event "Bresso op 4th"]
[Site "Bresso"]
[Date "2004.06.13"]
[Round "5"]
[White "Di Marco, Ruggero"]
[Black "D'Apa, Matteo"]
[Result "0-1"]
[WhiteElo "1787"]
[BlackElo "1859"]
[PlyCount "93"]
[EventDate "2004.06.10"]
[EventType "swiss"]
[EventRounds "6"]
[EventCountry "ITA"]
[SourceTitle "EXT 2007"]
[Source "ChessBase"]
[SourceDate "2006.11.23"]
[SourceVersion "1"]
[SourceVersionDate "2006.11.23"]
[SourceQuality "1"]

1. e4 c6 2. d4 d5 3. Nd2 dxe4 4. Nxe4 Bf5 5. Ng3 Bg6 6. h4 h6 7. Nf3 Nd7 8. h5 Bh7 9. Bd3 Bxd3 10. Qxd3 Qc7 11. Bd2 e6 12. 0-0-0 Ngf6 13. Ne4 0-0-0 14. g3 Nxe4 15. Qxe4 Bd6 16. Rhe1 Rhe8 17. Ne5 Nf6 18. Qe2 Bxe5 19. dxe5 Nd5 20. g4 c5 21. f4 c4 22. Kb1 c3 23. bxc3 Nxc3+ 24. Bxc3 Qxc3 25. Qb5 Qg3 26. Qa5 Qxg4 27. Rxd8+ Rxd8 28. Qxa7 Qxf4 29. Qa8+ Kc7 30. Qa5+ b6 31. Qc3+ Kb7 32. Rg1 Rc8 33. Qg3 Qc4 34. Qf3+ Kb8 35. Qb3 Qxb3+ 36. cxb3 Rg8 37. Kc2 g6 38. hxg6 Rxg6 39. Rf1 Rg7 40. Rf6 Rh7 41. Kd3 Kc7 42. Ke3 Kc6 43. Kf4 Kd5 44. a4 Kc5 45. Kg4 Kb4 46. Rf3 Rg7+ 47. Kf4 0-1